000 00589nam a2200217Ia 4500
003 OSt
005 20240823102229.0
006 a|||||r|||| 00| 0
007 ta
008 220927b |||||||| |||| 00| 0 eng d
024 _a76367
037 _cTextual
040 _aSDCL
_cSDCL
_beng
041 _2eng
_aeng
082 _aX61.1'N1<-M9, L4
100 _aCecco Marcello de
_9509907
245 0 _aMoney and empire
_b The international gold standard,1890-1914.
260 _c1974
942 _hX61.1'N1<-M9, L4
_cTEXL
_2CC
999 _c829912
_d829912